Evaluation of the Company's Environmental Behavior Through Environmental Management Indicators as Part of Environmental Reporting

Environmentálna zodpovednosť podnikov, ktorá môže byť preukazovaná rôznymi spôsobmi, napr. uplatňovaním environmentálnej politiky, zavádzaním systémov environmentálneho riadenia, environmentálnym auditom a zverejňovaním environmentálnych správ. Zverejňovanie nefinančných a obdobných informácií, vrát...

Descripción completa

Guardado en:
Detalles Bibliográficos
Autor principal: Pusztiová, Lea, 1994-
Otros Autores: Dubcová, Gabriela, 1968-
Formato: Capítulo de libro
Lenguaje:inglés
Materias:
Etiquetas: Agregar Etiqueta
Sin Etiquetas, Sea el primero en etiquetar este registro!

MARC

LEADER 00000naa$a2200000$$$4500
001 0283902
005 20240502074411.5
041 0 |a eng 
044 |a SK 
245 1 0 |a Evaluation of the Company's Environmental Behavior Through Environmental Management Indicators as Part of Environmental Reporting  |c Lea Pusztiová, Gabriela Dubcová 
520 |a Environmentálna zodpovednosť podnikov, ktorá môže byť preukazovaná rôznymi spôsobmi, napr. uplatňovaním environmentálnej politiky, zavádzaním systémov environmentálneho riadenia, environmentálnym auditom a zverejňovaním environmentálnych správ. Zverejňovanie nefinančných a obdobných informácií, vrátane environmentálnych, v legislatíve Slovenskej republiky podľa zákona o účtovníctve a na základe smernice Európskej únie, pričom mnohé podniky, ktorým záleží na životnom prostredí, majú tieto informácie zverejnené na svojich internetových portáloch, kde sú prístupné verejnosti. 
610 2 0 |a výkazníctvo účtovné 
610 2 0 |a účtovníctvo ekologické 
610 2 0 |a ukazovatele výkonnosti 
610 2 0 |a ukazovatele nefinančné 
610 2 0 |a systémy environmentálne manažérske 
610 2 0 |a etika environmentálna 
610 2 0 |a politika environmentálna 
610 2 0 |a politika podniková 
610 2 0 |a Slovensko 
610 2 0 |a Európska únia 
100 1 |a Pusztiová, Lea, 1994- 
700 1 |a Dubcová, Gabriela, 1968-